000 00389nam a2200157Ia 4500
008 230312s9999||||xx |||||||||||||| ||und||
020 _a0-470-44404-7
082 _a725.4
_bTOM-F
100 _aTompkins;James.A
245 0 _aFacilities Planning
260 _bJohn Wiley & Sons
_aUSA
_c2010
300 _a854
546 _aEng.
650 _aArchitecture
_vFacilities Planning
942 _cBK
999 _c8284
_d8284